Catálogo

BIOLOGIC MARKERS OF AIR-POLLUTION STRESS AND DAMAGE IN FOREST (Registro nro. 23937)

Detalles MARC
000 -LEADER
fixed length control field 00488nam a2200169 a 4500
001 - CONTROL NUMBER
control field 23937
005 - DATE AND TIME OF LATEST TRANSACTION
control field 20180713222055.0
008 - FIXED-LENGTH DATA ELEMENTS--GENERAL INFORMATION
fixed length control field 140415d 000 0 eng d
020 ## - INTERNATIONAL STANDARD BOOK NUMBER
International Standard Book Number 0309040787
041 ## - LANGUAGE CODE
Language code of text/sound track or separate title eng
082 ## - DEWEY DECIMAL CLASSIFICATION NUMBER
Classification number 363.7392
Item number BIO
245 00 - TITLE STATEMENT
Title BIOLOGIC MARKERS OF AIR-POLLUTION STRESS AND DAMAGE IN FOREST
250 ## - EDITION STATEMENT
Edition statement 1a ed.
260 ## - PUBLICATION, DISTRIBUTION, ETC.
Place of publication, distribution, etc. [s.l.] :
Name of publisher, distributor, etc. NATIONAL ACADEMIC PRESS,
Date of publication, distribution, etc. [s.f.]
300 ## - PHYSICAL DESCRIPTION
Extent 363
650 14 - SUBJECT ADDED ENTRY--TOPICAL TERM
Topical term or geographic name entry element CONTAMINACION DEL AIRE
General subdivision DAO EN BOSQUES
Existencias
Withdrawn status Lost status Source of classification or shelving scheme Damaged status Not for loan Collection code Home library Current library Shelving location Date acquired Source of acquisition Inventory number Total Checkouts Full call number Barcode Date last seen Price effective from Koha item type
    Dewey Decimal Classification     General Biblioteca Karol Wojtyla Biblioteca Karol Wojtyla Sala general 03/12/2013 Compra 151000000000000000047804   363.7392 BIO 44806 05/01/2026 03/12/2013 Libro